000 00538nam a22002057a 4500
005 20160408175229.0
008 160408b xxu||||| |||| 00| 0 spa d
020 _a9789968966344
041 _aEspañol
082 _a972.865
_bH557s
100 _aHernández Lobo, Carlos
_97841
245 _aSan Rafael : su ayer y su gente
260 _aCosta Rica
_bAlquimia 2000
_c2009
300 _a203 páginas
650 _aSAN RAMÓN
_97842
650 _aSAN RAFAEL
_97843
650 _aALAJUELA
_94424
650 _aHISTORIA
_943
942 _cBK
999 _c7924
_d7924